000 004790000a22002050004500
003 LK-CoMWRAF
005 20231018095652.0
008 230817t1991 ||||| |||| 00| 0 eng d
020 _a0140134123
040 _aLK-CoMWRAF
_dLK-CoMWRAF
_eLK-CoMWRAF
041 _aeng
082 _a297
_bRUT
100 _aRuthven, Malise
245 _aIslam in the world
260 _aLondon
_bPenguin
_c1991
300 _ap.407
500 _aiIndex & Glossary
650 _aIslam
942 _cBK
999 _c15
_d15